[Event "MSR_ch16"]
[Site "?"]
[Date "2024.04.05"]
[Round "1.10"]
[White "Barta, Dominik"]
[Black "Pongo, Aron"]
[Result "1/2-1/2"]
[BlackElo "1887"]
[WhiteElo "1577"]
[LiveChessVersion "1.4.8"]

1. e4 {[%clk 1:30:57]} e6 {[%clk 1:30:34]} 2. d4 {[%clk 1:30:27]} d5
{[%clk 1:31:03]} 3. exd5 {[%clk 1:29:49]} exd5 {[%clk 1:31:32]} 4. Bd3
{[%clk 1:30:03]} c5 {[%clk 1:31:35]} 5. c3 {[%clk 1:29:08]} Nf6 {[%clk 1:31:19]}
6. Bg5 {[%clk 1:28:10]} cxd4 {[%clk 1:19:46]} 7. cxd4 {[%clk 1:28:32]} Bb4+
{[%clk 1:13:04]} 8. Nc3 {[%clk 1:26:15]} O-O {[%clk 1:12:25]} 9. h3 Nc6 10. Nge2
{[%clk 1:13:24]} h6 {[%clk 1:00:38]} 11. Bf4 {[%clk 1:08:31]} Re8
{[%clk 0:57:48]} 12. O-O {[%clk 1:07:24]} Be6 {[%clk 0:48:05]} 13. Qb3
{[%clk 1:00:03]} Rc8 {[%clk 0:45:23]} 14. a3 {[%clk 0:57:43]} Bxc3
{[%clk 0:45:34]} 15. bxc3 {[%clk 0:57:44]} Na5 {[%clk 0:43:42]} 16. Qb4
{[%clk 0:53:58]} Nd7 {[%clk 0:31:13]} 17. Ra2 {[%clk 0:43:13]} Qb6
{[%clk 0:29:12]} 18. Qb1 {[%clk 0:38:39]} Qxb1 {[%clk 0:28:07]} 19. Rxb1
{[%clk 0:39:05]} Nb6 {[%clk 0:25:44]} 20. Rc1 {[%clk 0:34:37]} Nbc4
{[%clk 0:24:25]} 21. h4 {[%clk 0:34:15]} Bd7 {[%clk 0:23:01]} 22. a4
{[%clk 0:33:14]} b6 {[%clk 0:20:57]} 23. Kf1 {[%clk 0:32:56]} Re7
{[%clk 0:20:08]} 24. Ng3 {[%clk 0:32:25]} Rc6 {[%clk 0:16:24]} 25. Bb8
{[%clk 0:29:21]} Rc8 {[%clk 0:13:42]} 26. Bf4 {[%clk 0:29:25]} Rc6
{[%clk 0:13:51]} 27. Bb8 {[%clk 0:29:48]} Re8 {[%clk 0:12:52]} 28. Bf4
{[%clk 0:29:28]} Nb7 {[%clk 0:12:40]} 29. Ne2 {[%clk 0:26:42]} Nbd6
{[%clk 0:12:37]} 30. f3 {[%clk 0:23:18]} Bf5 {[%clk 0:11:55]} 31. Bxf5
{[%clk 0:20:14]} Nxf5 {[%clk 0:12:15]} 32. h5 {[%clk 0:20:14]} Rce6
{[%clk 0:10:37]} 33. g4 {[%clk 0:19:39]} Nfd6 {[%clk 0:09:13]} 34. Kf2
{[%clk 0:19:04]} Nb7 {[%clk 0:06:54]} 35. Bg3 {[%clk 0:13:28]} R6e7
{[%clk 0:04:12]} 36. Nf4 {[%clk 0:13:23]} Rd7 {[%clk 0:04:12]} 37. Bh4
{[%clk 0:09:54]} Nd8 38. g5 hxg5 {[%clk 0:02:04]} 39. Bxg5 {[%clk 0:10:02]} Ne6
{[%clk 0:01:25]} 40. Re2 {[%clk 0:04:27]} Nc7 {[%clk 0:00:37]} 41. Rxe8+
{[%clk 0:00:39]} Nxe8 {[%clk 0:01:04]} 42. Re1 {[%clk 0:28:41]} Nc7
{[%clk 0:30:23]} 43. Re7 {[%clk 0:23:26]} Rxe7 {[%clk 0:29:03]} 44. Bxe7
{[%clk 0:23:55]} Nb2 {[%clk 0:10:22]} 1/2-1/2

[Event "MSR_ch16"]
[Site "?"]
[Date "2024.04.05"]
[Round "1.11"]
[White "Kapinaj, Matus"]
[Black "Bado, Samuel"]
[Result "1-0"]
[BlackElo "1556"]
[WhiteElo "1858"]
[LiveChessVersion "1.4.8"]

1. d4 {[%clk 1:30:48]} d5 {[%clk 1:30:52]} 2. c4 {[%clk 1:31:09]} e6
{[%clk 1:30:08]} 3. Nc3 {[%clk 1:31:27]} Nf6 {[%clk 1:30:15]} 4. cxd5
{[%clk 1:31:51]} Nxd5 {[%clk 1:29:39]} 5. e4 {[%clk 1:32:14]} Nxc3
{[%clk 1:29:18]} 6. bxc3 {[%clk 1:32:38]} e5 {[%clk 1:29:00]} 7. Nf3
{[%clk 1:30:48]} f6 {[%clk 1:28:23]} 8. Bc4 {[%clk 1:31:01]} Bg4 {[%clk 1:26:58]}
9. Qb3 {[%clk 1:28:26]} Qe7 {[%clk 1:25:56]} 10. Qxb7 {[%clk 1:28:16]} Nd7
{[%clk 1:25:14]} 11. Qxa8+ {[%clk 1:28:36]} Qd8 {[%clk 1:25:20]} 12. Bf7+
{[%clk 1:28:55]} Ke7 {[%clk 1:25:28]} 13. Qxd8+ {[%clk 1:28:41]} Kxd8
{[%clk 1:25:44]} 14. Be3 {[%clk 1:28:48]} c5 {[%clk 1:24:27]} 15. dxe5
{[%clk 1:28:22]} fxe5 {[%clk 1:23:58]} 16. O-O h6 {[%clk 1:23:07]} 17. Rfd1
{[%clk 1:28:13]} Bxf3 {[%clk 1:22:22]} 18. gxf3 {[%clk 1:28:14]} Ke7
{[%clk 1:22:01]} 19. Rab1 {[%clk 1:25:05]} Kxf7 {[%clk 1:20:22]} 20. Rxd7+
{[%clk 1:21:34]} Kg6 {[%clk 1:20:20]} 21. Rxa7 {[%clk 1:21:54]} Kh7
{[%clk 1:19:07]} 22. Rb8 {[%clk 1:22:11]} Rg8 {[%clk 1:19:04]} 23. Raa8
{[%clk 1:22:27]} Kg6 {[%clk 1:17:59]} 24. Rxf8 {[%clk 1:22:48]} Rxf8
{[%clk 1:18:12]} 25. Rxf8 {[%clk 1:23:13]} c4 {[%clk 1:17:35]} 26. a4
{[%clk 1:23:17]} 1-0

[Event "MSR_ch16"]
[Site "?"]
[Date "2024.04.05"]
[Round "1.12"]
[White "Hanzel, Richard"]
[Black "Libich, Oliver"]
[Result "1/2-1/2"]
[BlackElo "1857"]
[WhiteElo "1555"]
[LiveChessVersion "1.4.8"]

1. d4 {[%clk 1:29:56]} d5 {[%clk 1:30:54]} 2. c4 {[%clk 1:30:22]} e6
{[%clk 1:31:11]} 3. g3 {[%clk 1:30:46]} Nf6 {[%clk 1:31:02]} 4. Bg2
{[%clk 1:31:09]} Nbd7 {[%clk 1:31:12]} 5. Nf3 {[%clk 1:30:21]} c6
{[%clk 1:30:52]} 6. Qc2 {[%clk 1:30:37]} Be7 {[%clk 1:29:45]} 7. O-O
{[%clk 1:30:15]} O-O {[%clk 1:29:36]} 8. Bg5 {[%clk 1:26:52]} Re8
{[%clk 1:27:18]} 9. Nbd2 {[%clk 1:19:03]} h6 {[%clk 1:26:58]} 10. Bxf6
{[%clk 1:14:29]} Bxf6 {[%clk 1:26:36]} 11. e3 {[%clk 1:14:53]} e5
{[%clk 1:19:23]} 12. dxe5 {[%clk 1:10:59]} Nxe5 {[%clk 1:19:36]} 13. Nxe5
{[%clk 1:08:57]} Rxe5 {[%clk 1:19:54]} 14. Rad1 {[%clk 1:05:09]} Re7
{[%clk 1:03:49]} 15. cxd5 {[%clk 1:02:53]} cxd5 {[%clk 1:03:15]} 16. Ne4
{[%clk 0:57:15]} Be6 {[%clk 0:56:30]} 17. Nxf6+ {[%clk 0:57:00]} gxf6
{[%clk 0:56:58]} 18. Rd4 {[%clk 0:55:51]} Rc8 {[%clk 0:52:29]} 19. Qd3
{[%clk 0:54:56]} Rd7 {[%clk 0:49:34]} 20. Rd1 {[%clk 0:54:09]} Rc4
{[%clk 0:49:10]} 21. a3 {[%clk 0:49:09]} Qc7 {[%clk 0:44:56]} 22. Qe2
{[%clk 0:35:34]} f5 {[%clk 0:26:28]} 23. h4 {[%clk 0:19:41]} b6 {[%clk 0:19:20]}
24. Bf1 {[%clk 0:14:58]} a5 {[%clk 0:12:53]} 25. Qe1 {[%clk 0:11:03]} Rc2
{[%clk 0:07:15]} 26. R4d2 {[%clk 0:10:46]} Qc5 {[%clk 0:05:45]} 27. Bd3
{[%clk 0:07:01]} Rxd2 {[%clk 0:05:34]} 28. Qxd2 {[%clk 0:07:25]} Rc7
{[%clk 0:03:44]} 29. Qe2 {[%clk 0:05:26]} Kg7 {[%clk 0:02:03]} 30. Qh5
{[%clk 0:04:18]} d4 {[%clk 0:01:23]} 31. exd4 {[%clk 0:03:37]} Qxd4
{[%clk 0:01:47]} 32. Bxf5 {[%clk 0:03:04]} Qf6 {[%clk 0:00:34]} 33. Qg4+
{[%clk 0:02:41]} Kf8 {[%clk 0:01:03]} 34. Bxe6 {[%clk 0:02:56]} fxe6
{[%clk 0:01:22]} 35. Qf4 {[%clk 0:01:47]} Qxf4 {[%clk 0:01:10]} 36. gxf4
{[%clk 0:02:11]} Rc6 1/2-1/2

[Event "MSR_ch16"]
[Site "?"]
[Date "2024.04.05"]
[Round "1.13"]
[White "Mantic, Andrej"]
[Black "Osvald, David"]
[Result "0-1"]
[BlackElo "1554"]
[WhiteElo "1855"]
[LiveChessVersion "1.4.8"]

1. e4 {[%clk 1:30:56]} e6 {[%clk 1:30:57]} 2. Nf3 {[%clk 1:30:54]} d5
{[%clk 1:31:25]} 3. e5 {[%clk 1:30:34]} c5 {[%clk 1:31:08]} 4. c3
{[%clk 1:29:41]} Nc6 {[%clk 1:28:31]} 5. d4 {[%clk 1:27:46]} Qb6 {[%clk 1:28:33]}
6. Bd3 {[%clk 1:23:56]} Bd7 {[%clk 1:28:05]} 7. dxc5 {[%clk 1:20:12]} Bxc5
{[%clk 1:25:35]} 8. O-O {[%clk 1:20:27]} a5 {[%clk 1:21:00]} 9. Nbd2
{[%clk 1:16:23]} a4 {[%clk 1:16:11]} 10. b4 {[%clk 1:10:33]} Be7 {[%clk 1:02:48]}
11. a3 {[%clk 1:06:31]} Nh6 {[%clk 0:54:53]} 12. c4 {[%clk 1:01:45]} Ng4
{[%clk 0:40:24]} 13. Bb2 {[%clk 0:57:07]} f6 {[%clk 0:33:57]} 14. cxd5
{[%clk 0:49:03]} exd5 {[%clk 0:32:37]} 15. exf6 {[%clk 0:42:28]} gxf6
{[%clk 0:25:01]} 16. h3 {[%clk 0:39:14]} Nge5 {[%clk 0:24:17]} 17. Nxe5
{[%clk 0:37:26]} Nxe5 {[%clk 0:17:40]} 18. Qh5+ {[%clk 0:35:55]} Nf7
{[%clk 0:13:53]} 19. Qxd5 {[%clk 0:33:35]} Rg8 {[%clk 0:10:48]} 20. Bc4
{[%clk 0:30:44]} Rg7 {[%clk 0:07:51]} 21. Bd4 {[%clk 0:30:02]} Qc7
{[%clk 0:05:35]} 22. Rac1 {[%clk 0:27:53]} Qb8 {[%clk 0:02:25]} 23. Bb5
{[%clk 0:27:40]} Bxb5 {[%clk 0:02:29]} 24. Qxb5+ {[%clk 0:28:02]} Kf8
{[%clk 0:02:42]} 25. Ne4 {[%clk 0:27:57]} Qf4 {[%clk 0:02:15]} 26. Qxb7
{[%clk 0:27:52]} Rb8 {[%clk 0:01:55]} 27. Rc8+ {[%clk 0:26:57]} Rxc8
{[%clk 0:01:55]} 28. Qxc8+ {[%clk 0:27:22]} Nd8 {[%clk 0:02:02]} 29. Nc5
{[%clk 0:27:25]} Kf7 {[%clk 0:00:51]} 30. Be3 {[%clk 0:27:12]} Qf3
{[%clk 0:01:03]} 31. g3 {[%clk 0:25:46]} f5 {[%clk 0:00:47]} 32. Bf4
{[%clk 0:25:57]} Qxf4 {[%clk 0:01:05]} 33. Kh2 {[%clk 0:26:05]} Rxg3
{[%clk 0:00:39]} 34. fxg3 {[%clk 0:26:11]} Qxf1 {[%clk 0:00:53]} 35. Qd7
{[%clk 0:26:33]} Qf2+ {[%clk 0:01:07]} 36. Kh1 {[%clk 0:26:57]} Qf1+
{[%clk 0:01:34]} 37. Kh2 {[%clk 0:27:21]} Qf2+ {[%clk 0:02:01]} 38. Kh1
{[%clk 0:27:49]} Qf3+ {[%clk 0:02:01]} 39. Kh2 {[%clk 0:28:08]} Qe2+
{[%clk 0:02:12]} 40. Kg1 {[%clk 0:28:25]} Qe1+ {[%clk 0:02:29]} 41. Kh2
{[%clk 0:28:47]} Qe2+ {[%clk 0:02:04]} 42. Kg1 {[%clk 0:29:00]} Qe5
{[%clk 0:01:14]} 43. Nd3 {[%clk 0:28:36]} Qxg3+ {[%clk 0:01:23]} 44. Kf1
{[%clk 0:28:57]} Qxh3+ {[%clk 0:01:50]} 45. Ke2 {[%clk 0:29:26]} Kf8
{[%clk 0:00:51]} 46. Qd5 {[%clk 0:28:38]} Qg4+ {[%clk 0:30:17]} 47. Kd2
{[%clk 0:58:56]} Qe4 {[%clk 0:29:48]} 48. Qb5 {[%clk 0:58:48]} Bg5+
{[%clk 0:29:34]} 49. Kc3 {[%clk 0:59:00]} Qc6+ {[%clk 0:29:33]} 50. Qc5+
{[%clk 0:58:51]} Qxc5+ {[%clk 0:29:56]} 51. Nxc5 {[%clk 0:59:11]} h5
{[%clk 0:29:57]} 52. b5 {[%clk 0:59:26]} Be3 {[%clk 0:29:37]} 0-1

[Event "MSR_ch16"]
[Site "?"]
[Date "2024.04.05"]
[Round "1.14"]
[White "Horvath, Simon"]
[Black "Hitka, Dominik"]
[Result "0-1"]
[BlackElo "1854"]
[WhiteElo "1549"]
[LiveChessVersion "1.4.8"]

1. e4 {[%clk 1:30:55]} e6 {[%clk 1:29:57]} 2. Nc3 {[%clk 1:30:41]} d5
{[%clk 1:30:16]} 3. d4 {[%clk 1:28:47]} Nf6 {[%clk 1:30:20]} 4. Bd3
{[%clk 1:26:13]} dxe4 {[%clk 1:29:54]} 5. Bxe4 {[%clk 1:25:10]} Bb4
{[%clk 1:27:22]} 6. Qd3 {[%clk 1:20:07]} Nxe4 {[%clk 1:25:23]} 7. Qxe4
{[%clk 1:19:41]} Qd5 {[%clk 1:23:10]} 8. Qxd5 {[%clk 1:18:19]} exd5
{[%clk 1:21:36]} 9. Bd2 {[%clk 1:15:54]} Bxc3 {[%clk 1:20:06]} 10. Bxc3
{[%clk 1:15:50]} O-O {[%clk 1:18:30]} 11. O-O-O {[%clk 1:13:22]} Re8
{[%clk 1:18:13]} 12. Nf3 {[%clk 1:12:07]} Nc6 {[%clk 1:17:26]} 13. h3
{[%clk 1:07:44]} Bf5 {[%clk 1:15:59]} 14. Rde1 {[%clk 1:04:03]} Be4
{[%clk 1:14:56]} 15. Rhg1 {[%clk 1:01:20]} Bxf3 {[%clk 1:13:46]} 16. gxf3
{[%clk 0:59:42]} Rxe1+ {[%clk 1:13:15]} 17. Rxe1 {[%clk 0:56:05]} Kf8
{[%clk 1:13:01]} 18. a3 {[%clk 0:50:10]} Re8 {[%clk 1:10:54]} 19. Bb4+
{[%clk 0:44:50]} Nxb4 {[%clk 1:11:00]} 20. Rxe8+ {[%clk 0:43:55]} Kxe8
{[%clk 1:11:23]} 21. axb4 {[%clk 0:44:07]} f5 {[%clk 1:11:25]} 22. f4
{[%clk 0:41:52]} Kf7 {[%clk 1:10:58]} 23. Kd2 {[%clk 0:41:08]} Kg6
{[%clk 1:11:15]} 24. Kd3 {[%clk 0:39:11]} b5 {[%clk 1:09:56]} 25. b3
{[%clk 0:36:54]} Kh5 {[%clk 1:10:00]} 26. c4 {[%clk 0:34:08]} c6 {[%clk 1:10:22]}
27. cxb5 {[%clk 0:33:39]} cxb5 {[%clk 1:10:42]} 28. Ke3 {[%clk 0:33:26]} Kh4
{[%clk 1:11:01]} 29. f3 {[%clk 0:32:12]} Kxh3 {[%clk 1:11:21]} 30. Kf2
{[%clk 0:31:03]} Kh2 {[%clk 1:11:37]} 31. Ke2 {[%clk 0:30:33]} Kg2
{[%clk 1:11:58]} 32. Ke3 {[%clk 0:30:12]} h5 {[%clk 1:12:18]} 33. Ke2
{[%clk 0:30:23]} h4 {[%clk 1:12:43]} 34. Ke3 {[%clk 0:30:46]} h3 {[%clk 1:13:07]}
35. Ke2 {[%clk 0:30:26]} h2 {[%clk 1:13:27]} 36. Ke3 {[%clk 0:30:25]} h1=Q
{[%clk 1:13:53]} 37. Ke2 {[%clk 0:30:28]} Qf1+ {[%clk 1:14:05]} 38. Ke3
{[%clk 0:30:38]} Qxf3+ {[%clk 1:14:25]} 39. Kd2 {[%clk 0:30:47]} Kf2
{[%clk 1:14:34]} 40. Kc2 {[%clk 0:30:40]} Ke2 {[%clk 1:14:52]} 41. Kc1
{[%clk 0:30:32]} Qc3+ {[%clk 1:15:01]} 42. Kb1 {[%clk 0:30:44]} Kd2
{[%clk 1:15:16]} 43. Ka2 {[%clk 0:30:55]} Kc1 {[%clk 1:15:37]} 44. Ka3
{[%clk 0:31:05]} Qa1# {[%clk 1:15:59]} 0-1

[Event "MSR_ch16"]
[Site "?"]
[Date "2024.04.05"]
[Round "1.15"]
[White "Hasala, Richard"]
[Black "Tonhajzer, Matus"]
[Result "1-0"]
[BlackElo "1549"]
[WhiteElo "1851"]
[LiveChessVersion "1.4.8"]

1. d4 {[%clk 1:30:53]} d5 {[%clk 1:30:46]} 2. Nf3 {[%clk 1:31:16]} e6
{[%clk 1:30:59]} 3. e3 {[%clk 1:31:37]} Nf6 {[%clk 1:30:39]} 4. Bd3
{[%clk 1:32:01]} c5 {[%clk 1:30:36]} 5. c3 {[%clk 1:32:30]} Nc6 {[%clk 1:30:48]}
6. O-O {[%clk 1:32:52]} Bd6 {[%clk 1:30:37]} 7. Nbd2 {[%clk 1:33:14]} O-O
{[%clk 1:25:44]} 8. dxc5 {[%clk 1:29:52]} Bxc5 {[%clk 1:23:49]} 9. e4
{[%clk 1:30:16]} Qb6 {[%clk 1:20:36]} 10. Qe2 {[%clk 1:24:37]} Re8
{[%clk 1:11:11]} 11. e5 {[%clk 1:23:47]} Nd7 {[%clk 1:00:13]} 12. Nb3
{[%clk 1:18:26]} Be7 {[%clk 0:56:06]} 13. h4 {[%clk 1:15:13]} f6 {[%clk 0:51:14]}
14. exf6 {[%clk 1:02:25]} Nxf6 {[%clk 0:51:25]} 15. Ng5 {[%clk 0:55:52]} e5
{[%clk 0:42:03]} 16. Nxh7 {[%clk 0:54:38]} e4 {[%clk 0:37:36]} 17. Nxf6+
{[%clk 0:54:53]} Bxf6 {[%clk 0:37:37]} 18. Bb5 {[%clk 0:36:00]} Bxh4
{[%clk 0:33:39]} 19. Qh5 {[%clk 0:34:11]} Re5 {[%clk 0:29:56]} 20. Qxh4
{[%clk 0:34:31]} Qxb5 {[%clk 0:29:33]} 21. Bf4 {[%clk 0:26:40]} Re8
{[%clk 0:25:41]} 22. Qh5 {[%clk 0:25:45]} Bd7 {[%clk 0:24:47]} 23. g3
{[%clk 0:24:32]} a5 {[%clk 0:23:06]} 24. Rac1 {[%clk 0:14:49]} Qc4
{[%clk 0:19:05]} 25. Rfd1 {[%clk 0:12:41]} Be6 {[%clk 0:18:04]} 26. Qg5
{[%clk 0:13:02]} a4 {[%clk 0:16:57]} 27. Nd4 {[%clk 0:13:28]} Rad8
{[%clk 0:12:38]} 28. b3 {[%clk 0:12:59]} axb3 {[%clk 0:12:24]} 29. axb3
{[%clk 0:13:28]} Qc5 {[%clk 0:11:00]} 30. b4 {[%clk 0:09:20]} Qc4
{[%clk 0:11:09]} 31. b5 {[%clk 0:08:42]} Nxd4 {[%clk 0:10:53]} 32. cxd4
{[%clk 0:09:06]} Qxb5 {[%clk 0:11:12]} 33. Be5 {[%clk 0:08:45]} Rd7
{[%clk 0:11:30]} 34. Rc5 {[%clk 0:08:20]} Qe2 {[%clk 0:10:13]} 35. Rdc1
{[%clk 0:06:43]} Qf3 {[%clk 0:09:51]} 36. Rc8 {[%clk 0:05:50]} Rf8
{[%clk 0:07:01]} 37. Bf4 {[%clk 0:05:17]} Rdf7 {[%clk 0:05:45]} 38. Rxf8+
{[%clk 0:02:24]} Rxf8 {[%clk 0:05:51]} 39. Qh4 {[%clk 0:02:11]} Qd3
{[%clk 0:03:54]} 40. Qe7 {[%clk 0:01:14]} Qa6 {[%clk 0:02:56]} 41. Rc7
{[%clk 0:01:04]} Rf7 {[%clk 0:02:10]} 42. Qe8+ {[%clk 0:01:00]} Rf8
{[%clk 0:02:00]} 43. Qg6 {[%clk 0:00:47]} Qa1+ {[%clk 0:01:51]} 44. Kg2
{[%clk 0:00:44]} Qxd4 {[%clk 0:01:12]} 45. Qxe6+ {[%clk 0:00:59]} Kh8
{[%clk 0:00:41]} 46. Be3 {[%clk 0:01:10]} Qd1 {[%clk 0:30:07]} 47. Qg6
{[%clk 0:30:01]} Qa1 {[%clk 0:28:55]} 48. Rxb7 {[%clk 0:29:57]} Qe5
{[%clk 0:28:40]} 49. Rb4 {[%clk 0:28:58]} Qc7 {[%clk 0:26:29]} 50. Bd4
{[%clk 0:29:07]} Qe7 {[%clk 0:25:27]} 51. Rb1 {[%clk 0:29:15]} Kg8
{[%clk 0:23:55]} 52. Rh1 {[%clk 0:29:34]} Rf3 {[%clk 0:22:26]} 53. Qh7+
{[%clk 0:29:53]} Kf7 {[%clk 0:22:31]} 54. Qxg7+ {[%clk 0:30:18]} Ke6
{[%clk 0:22:40]} 55. Qg6+ {[%clk 0:30:19]} Rf6 {[%clk 0:22:13]} 56. Qxf6+
{[%clk 0:30:38]} Qxf6 {[%clk 0:22:33]} 57. Bxf6 {[%clk 0:31:05]} Kxf6
{[%clk 0:22:56]} 58. Kf1 {[%clk 0:31:32]} Ke5 {[%clk 0:23:09]} 59. Ke2
{[%clk 0:31:56]} Kd4 {[%clk 0:23:23]} 60. Rd1+ {[%clk 0:32:15]} Kc4
{[%clk 0:23:34]} 61. Ke3 {[%clk 0:32:43]} Kc5 {[%clk 0:23:02]} 62. g4
{[%clk 0:32:52]} 1-0

[Event "MSR_ch16"]
[Site "?"]
[Date "2024.04.05"]
[Round "1.16"]
[White "Rerko, Milos"]
[Black "Earle, Dominic James"]
[Result "0-1"]
[BlackElo "1849"]
[WhiteElo "1543"]
[LiveChessVersion "1.4.8"]

1. e4 {[%clk 1:30:57]} d6 {[%clk 1:30:59]} 2. Nf3 {[%clk 1:30:52]} g6
{[%clk 1:31:20]} 3. Nc3 {[%clk 1:30:34]} Bg7 {[%clk 1:31:44]} 4. Bc4
{[%clk 1:30:07]} Nf6 {[%clk 1:32:04]} 5. d4 {[%clk 1:29:35]} O-O {[%clk 1:31:48]}
6. Bf4 {[%clk 1:28:15]} c6 {[%clk 1:28:39]} 7. b4 {[%clk 1:23:08]} b5
{[%clk 1:27:31]} 8. Bb3 {[%clk 1:19:34]} Nbd7 {[%clk 1:21:58]} 9. e5
{[%clk 1:15:58]} Nh5 {[%clk 1:21:16]} 10. Qd2 {[%clk 1:12:26]} Nxf4
{[%clk 1:19:52]} 11. Qxf4 {[%clk 1:11:37]} dxe5 {[%clk 1:17:31]} 12. dxe5
{[%clk 1:11:11]} Qc7 {[%clk 1:16:24]} 13. Ng5 {[%clk 1:04:34]} Qxe5+
{[%clk 1:16:09]} 14. Qxe5 {[%clk 0:59:30]} Bxe5 {[%clk 1:16:36]} 15. Nge4
{[%clk 0:57:12]} Nf6 {[%clk 1:14:21]} 16. O-O-O {[%clk 0:55:55]} Bf5
{[%clk 1:09:56]} 17. h3 {[%clk 0:38:24]} Nxe4 {[%clk 1:09:53]} 18. g4
{[%clk 0:34:07]} Nxc3 {[%clk 1:09:59]} 19. gxf5 {[%clk 0:33:15]} Nxd1
{[%clk 1:10:18]} 20. Rxd1 {[%clk 0:33:31]} Rad8 {[%clk 1:10:39]} 21. fxg6
{[%clk 0:32:31]} Bf4+ {[%clk 1:10:57]} 22. Kb2 {[%clk 0:31:36]} Rxd1
{[%clk 1:11:19]} 23. gxf7+ {[%clk 0:31:52]} Kg7 {[%clk 1:11:32]} 24. c4
{[%clk 0:30:45]} Rd2+ {[%clk 1:11:51]} 25. Kc3 {[%clk 0:30:27]} Rfd8
{[%clk 1:11:57]} 26. Bc2 {[%clk 0:30:26]} Be5+ {[%clk 1:12:11]} 27. Kb3
{[%clk 0:30:26]} bxc4+ {[%clk 1:12:27]} 28. Kxc4 {[%clk 0:29:45]} Rxc2+
{[%clk 1:12:45]} 29. Kb3 {[%clk 0:30:02]} Rb2+ {[%clk 1:13:09]} 30. Kc4
{[%clk 0:30:00]} Rd4+ {[%clk 1:13:34]} 31. Kc3 {[%clk 0:30:16]} Rdd2+
{[%clk 1:13:19]} 32. Kc4 {[%clk 0:30:21]} Rbc2+ {[%clk 1:13:44]} 33. Kb3
{[%clk 0:30:28]} Rc3+ {[%clk 1:14:07]} 34. Ka4 {[%clk 0:30:51]} Rxa2# 0-1

[Event "MSR_ch16"]
[Site "?"]
[Date "2024.04.05"]
[Round "1.17"]
[White "Szakal, Bartolomej"]
[Black "Vateha, Tobias"]
[Result "1-0"]
[BlackElo "1528"]
[WhiteElo "1839"]
[LiveChessVersion "1.4.8"]

1. d4 {[%clk 1:30:57]} f5 {[%clk 1:30:55]} 2. Nf3 {[%clk 1:30:20]} Nf6
{[%clk 1:31:19]} 3. c4 {[%clk 1:30:38]} e6 {[%clk 1:31:41]} 4. Nc3
{[%clk 1:30:55]} Bb4 {[%clk 1:32:09]} 5. Bg5 {[%clk 1:30:49]} O-O
{[%clk 1:32:28]} 6. e3 {[%clk 1:31:03]} b6 {[%clk 1:31:27]} 7. Be2
{[%clk 1:31:08]} Bxc3+ {[%clk 1:31:18]} 8. bxc3 {[%clk 1:31:29]} Bb7
{[%clk 1:31:46]} 9. O-O {[%clk 1:31:41]} Qe8 10. Qb3 {[%clk 1:27:22]} Qg6
{[%clk 1:25:04]} 11. Bf4 {[%clk 1:26:48]} Rc8 {[%clk 0:51:22]} 12. a4
{[%clk 1:23:10]} Nc6 {[%clk 0:50:17]} 13. a5 {[%clk 1:22:03]} Nd8
{[%clk 0:45:30]} 14. Rfd1 {[%clk 1:14:41]} Be4 {[%clk 0:40:52]} 15. d5
{[%clk 1:07:50]} d6 {[%clk 0:34:01]} 16. Nh4 {[%clk 1:04:37]} Qf7
{[%clk 0:33:51]} 17. f3 {[%clk 1:04:46]} h6 {[%clk 0:32:42]} 18. fxe4
{[%clk 1:04:31]} g5 {[%clk 0:32:59]} 19. exf5 {[%clk 1:04:20]} e5
{[%clk 0:25:30]} 20. Bxe5 {[%clk 0:51:06]} dxe5 {[%clk 0:24:20]} 21. Ng6
{[%clk 0:51:04]} e4 {[%clk 0:18:32]} 22. c5 {[%clk 0:40:45]} Nb7 {[%clk 0:12:22]}
23. Bc4 {[%clk 0:33:20]} Nxc5 {[%clk 0:12:11]} 24. Qa2 {[%clk 0:33:40]} Qd7
{[%clk 0:10:57]} 25. d6+ {[%clk 0:32:09]} Kh7 {[%clk 0:11:10]} 26. Be6
{[%clk 0:26:46]} Nxe6 {[%clk 0:09:05]} 27. fxe6 {[%clk 0:27:05]} Qb5
{[%clk 0:04:47]} 28. d7 {[%clk 0:26:50]} Rd8 {[%clk 0:04:04]} 29. e7
{[%clk 0:25:04]} Kxg6 {[%clk 0:02:53]} 30. exd8=Q Rxd8 {[%clk 0:03:11]} 31. axb6
{[%clk 0:24:24]} axb6 {[%clk 0:02:12]} 32. Qe6 {[%clk 0:23:41]} Qc5
{[%clk 0:01:48]} 33. Ra2 {[%clk 0:20:15]} Qxe3+ 34. Rf2 {[%clk 0:20:33]} Qxc3
{[%clk 0:01:03]} 35. Rdf1 {[%clk 0:20:52]} Qd4 {[%clk 0:00:31]} 36. Qxf6+
{[%clk 0:20:53]} Qxf6 {[%clk 0:00:38]} 37. Rxf6+ {[%clk 0:21:21]} Kh5
{[%clk 0:01:01]} 38. Rf7 {[%clk 0:21:30]} e3 39. R1f6 {[%clk 0:20:29]} b5
{[%clk 0:00:39]} 40. Re6 {[%clk 0:19:46]} Ra8 {[%clk 0:00:43]} 41. Rxe3
{[%clk 0:19:52]} Ra1+ {[%clk 0:00:36]} 42. Kf2 {[%clk 0:20:12]} Rd1
{[%clk 0:00:52]} 43. Ke2 {[%clk 0:20:20]} Ra1 {[%clk 0:30:01]} 44. d8=Q
{[%clk 0:50:37]} Ra2+ {[%clk 0:30:23]} 45. Qd2 {[%clk 0:50:45]} Ra7
{[%clk 0:30:27]} 46. Rf6 1-0

[Event "MSR_ch16"]
[Site "?"]
[Date "2024.04.05"]
[Round "1.18"]
[White "Bersihand, Hugo Maria"]
[Black "Rebro, Damian"]
[Result "0-1"]
[BlackElo "1825"]
[WhiteElo "1513"]
[LiveChessVersion "1.4.8"]

1. Nf3 {[%clk 1:30:58]} d5 {[%clk 1:30:56]} 2. c4 {[%clk 1:31:16]} e6
{[%clk 1:31:06]} 3. cxd5 {[%clk 1:31:18]} exd5 {[%clk 1:31:26]} 4. e3
{[%clk 1:30:47]} Nf6 {[%clk 1:29:14]} 5. Nc3 {[%clk 1:29:14]} Bg4
{[%clk 1:28:17]} 6. Be2 {[%clk 1:28:50]} c6 {[%clk 1:25:07]} 7. h3
{[%clk 1:28:00]} Bxf3 {[%clk 1:21:27]} 8. Bxf3 {[%clk 1:28:19]} Bd6
{[%clk 1:21:25]} 9. O-O {[%clk 1:27:05]} O-O {[%clk 1:21:05]} 10. b3
{[%clk 1:27:04]} Re8 {[%clk 1:19:05]} 11. Bb2 {[%clk 1:25:58]} Na6
{[%clk 1:17:41]} 12. Re1 {[%clk 1:23:22]} Nc5 {[%clk 1:17:59]} 13. d4
{[%clk 1:22:44]} Nce4 {[%clk 1:18:05]} 14. Nxe4 {[%clk 1:22:41]} Nxe4
{[%clk 1:18:15]} 15. Bxe4 {[%clk 1:21:59]} Rxe4 {[%clk 1:15:21]} 16. a4
{[%clk 1:17:17]} Qe7 {[%clk 1:13:03]} 17. Qc1 {[%clk 1:16:03]} Re8
{[%clk 1:12:57]} 18. Ba3 {[%clk 1:15:39]} Bxa3 {[%clk 1:13:06]} 19. Qxa3
{[%clk 1:16:07]} Qxa3 {[%clk 1:13:27]} 20. Rxa3 {[%clk 1:16:33]} Rxd4
{[%clk 1:13:54]} 21. Raa1 {[%clk 1:15:05]} Rb4 {[%clk 1:12:47]} 22. Rab1
{[%clk 1:14:45]} f5 {[%clk 1:11:51]} 23. Kf1 {[%clk 1:11:51]} Kf7
{[%clk 1:11:48]} 24. f4 {[%clk 1:10:32]} Rbe4 {[%clk 1:10:28]} 25. Kf2
{[%clk 1:08:50]} d4 {[%clk 1:10:49]} 26. exd4 {[%clk 1:08:28]} Rxf4+
{[%clk 1:11:13]} 27. Kg3 {[%clk 1:08:31]} Rxe1 {[%clk 1:11:17]} 28. Rxe1
{[%clk 1:08:42]} Rxd4 {[%clk 1:11:37]} 29. Rf1 {[%clk 1:07:21]} Kf6
{[%clk 1:11:09]} 30. Rf3 {[%clk 1:05:23]} g5 {[%clk 1:10:59]} 31. Kh2
{[%clk 1:03:43]} h5 {[%clk 1:10:27]} 32. Re3 {[%clk 1:02:24]} Rb4
{[%clk 1:10:11]} 33. g3 {[%clk 1:02:26]} f4 {[%clk 1:09:14]} 34. gxf4
{[%clk 1:02:50]} gxf4 {[%clk 1:09:24]} 35. Rf3 {[%clk 1:03:00]} Ke5
{[%clk 1:09:00]} 36. h4 {[%clk 1:02:59]} Ke4 {[%clk 1:08:52]} 37. Kg2
{[%clk 1:03:15]} Rd4 {[%clk 1:09:04]} 38. a5 {[%clk 1:02:38]} Rd2+
{[%clk 1:09:07]} 39. Kh3 {[%clk 1:02:23]} 0-1